000
00276nam a2200109Ia 4500
008
190914s9999||||xx |||||||||||||| ||und||
100
_a
Irtiza Hussain Gohar
245
0
_a
Gilad Kahani : Afaq Siddiqi Ki kahani
260
_a
Karachi
_b
Al-Anam
_c
1995
300
_a
208
942
_c
BK
999
_c
8796
_d
8796